Southville International School and Colleges
Your cart is empty.
  • Cart
  • Lists
    Public lists Eva Luna New books Lux_list list_1
    Your lists Log in to create your own lists
  • Log in to your account
  • Your cookies
  • Search history
Southville International School and Colleges
  • Advanced search
  • Recent comments
  • Most popular
  • Libraries

Log in to your account

Log in with GOOGLE


If you do not have an external account, but do have a local account, you can still log in:

  1. Home
  2. MARC view: The world's best inspiring stories /
Normal view MARC view ISBD view

The world's best inspiring stories / (Record no. 339859)

[ view plain ]
MARC details
000 -LEADER
fixed length control field 00584nam a2200241Ia 4500
008 - FIXED-LENGTH DATA ELEMENTS--GENERAL INFORMATION
fixed length control field 170711s9999 xx 000 0 und d
020 ## - INTERNATIONAL STANDARD BOOK NUMBER
International Standard Book Number 9788179929216
050 ## - LIBRARY OF CONGRESS CALL NUMBER
Classification number 179.9
050 ## - LIBRARY OF CONGRESS CALL NUMBER
Item number F819 2009
100 ## - MAIN ENTRY--PERSONAL NAME
Personal name Francis Xavier, Saint
245 #4 - TITLE STATEMENT
Title The world's best inspiring stories /
245 ## - TITLE STATEMENT
Statement of responsibility, etc by Saint Francis Xavier.
260 ## - PUBLICATION, DISTRIBUTION, ETC. (IMPRINT)
Place of publication, distribution, etc Mumbai :
260 ## - PUBLICATION, DISTRIBUTION, ETC. (IMPRINT)
Name of publisher, distributor, etc Jaico,
260 ## - PUBLICATION, DISTRIBUTION, ETC. (IMPRINT)
Date of publication, distribution, etc 2009
300 ## - PHYSICAL DESCRIPTION
Extent 164 pages :
300 ## - PHYSICAL DESCRIPTION
Other physical details illustrations ;
300 ## - PHYSICAL DESCRIPTION
Dimensions 21cm.
650 ## - SUBJECT ADDED ENTRY--TOPICAL TERM
Topical term or geographic name as entry element Conduct of life.
650 ## - SUBJECT ADDED ENTRY--TOPICAL TERM
Topical term or geographic name as entry element Spiritual life.
650 ## - SUBJECT ADDED ENTRY--TOPICAL TERM
Topical term or geographic name as entry element Virtues.
700 ## - ADDED ENTRY--PERSONAL NAME
Personal name Title.

No items available.

The world's best inspiring stories /

APA

Francis Xavier S., Title, .The world's best inspiring stories. Mumbai: .

Chicago

Francis Xavier Saint, Title, .The world's best inspiring stories. Mumbai: .

Harvard

Francis Xavier S., Title, .The world's best inspiring stories. Mumbai: .

MLA

Francis Xavier Saint, Title, .Mumbai: . .

  • Print
  • Cite
  • Add to your cart (remove)
  • Save record
    BIBTEX Dublin Core MARCXML MARC (non-Unicode/MARC-8) MARC (Unicode/UTF-8) MARC (Unicode/UTF-8, Standard) MODS (XML) RIS
  • More searches
    Search for this title in:
    Other Libraries (WorldCat) Other Databases (Google Scholar) Online Stores (Bookfinder.com) Open Library (openlibrary.org)

Exporting to Dublin Core...

SOUTHVILLE LIBRARY

Southville International School and Colleges Library

1281 Tropical Ave. Cor. Luxembourg St., BF Homes International, Las Pinas City

Tel. No. 8256374 / 252358 Loc. 117/146

Powered by Koha